|
|
|
|
| LEADER |
01513nam a2200397 a 4500 |
| 001 |
EBC3001872 |
| 003 |
MiAaPQ |
| 005 |
20200520144314.0 |
| 006 |
m o d | |
| 007 |
cr cn||||||||| |
| 008 |
060612s2007 nyua s 001 0 eng |
| 010 |
|
|
|z 2006019310
|
| 015 |
|
|
|a GBA684013
|2 bnb
|
| 016 |
7 |
|
|z 013567789
|2 Uk
|
| 020 |
|
|
|z 081447408X
|
| 020 |
|
|
|z 9780814474082
|
| 035 |
|
|
|a (MiAaPQ)EBC3001872
|
| 035 |
|
|
|a (Au-PeEL)EBL3001872
|
| 035 |
|
|
|a (CaPaEBR)ebr10196218
|
| 035 |
|
|
|a (CaONFJC)MIL112862
|
| 035 |
|
|
|a (OCoLC)929146790
|
| 040 |
|
|
|a MiAaPQ
|c MiAaPQ
|d MiAaPQ
|
| 050 |
|
4 |
|a HF5549.5.E42
|b S38 2007
|
| 082 |
0 |
4 |
|a 658.3/045
|2 22
|
| 100 |
1 |
|
|a Scott, Gini Graham.
|
| 245 |
1 |
2 |
|a A survival guide to managing employees from hell
|h [electronic resource] :
|b handling idiots, whiners, slackers, and other workplace demons /
|c Gini Graham Scott.
|
| 260 |
|
|
|a New York :
|b AMACOM,
|c c2007.
|
| 300 |
|
|
|a x, 230 p. :
|b ill.
|
| 500 |
|
|
|a Includes index.
|
| 505 |
0 |
|
|a Bad Attitude -- Incompetent -- Personal Issues -- Trust and Honesty -- Communication -- Putting It All Together.
|
| 533 |
|
|
|a Electronic reproduction. Ann Arbor, MI : ProQuest, 2015. Available via World Wide Web. Access may be limited to ProQuest affiliated libraries.
|
| 650 |
|
0 |
|a Problem employees
|v Case studies.
|
| 650 |
|
0 |
|a Supervision of employees.
|
| 655 |
|
4 |
|a Electronic books.
|
| 710 |
2 |
|
|a ProQuest (Firm)
|
| 856 |
4 |
0 |
|u https://ebookcentral.proquest.com/lib/matrademy/detail.action?docID=3001872
|z Click to View
|